[Event "38 Open Vila de Sitges 2012"]
[Site "Sitges ESP"]
[Date "2012.07.25"]
[Round "6.1"]
[White "Pakleza, Zbigniew"]
[Black "Vorobiov, Evgeny E"]
[Result "0-1"]
[WhiteElo "2468"]
[BlackElo "2586"]
[PlyCount "114"]
[EventDate "2012.07.20"]
[EventType "swiss"]
[EventRounds "9"]
[EventCountry "ESP"]
[SourceTitle "Ajedrez en Madrid"]
[Source "lmi"]
[SourceDate "2012.07.20"]

1. d4 Nf6 2. Nf3 e6 3. Bf4 c5 4. c3 cxd4 5. cxd4 Qb6 6. Qb3 Qxb3 7. axb3 Nc6 8.
e3 Bb4+ 9. Nbd2 d5 10. Bd3 Bd7 11. Ke2 Nh5 12. Bg3 Nxg3+ 13. hxg3 Ke7 14. Ne5
Nxe5 15. dxe5 h6 16. Nf3 a6 17. Rh4 Bc5 18. Rc1 Rhc8 19. Rc3 Kf8 20. g4 Be7 21.
Rh1 Rab8 22. Rhc1 Bb4 23. Rxc8+ Rxc8 24. Rxc8+ Bxc8 25. g5 hxg5 26. Nxg5 f6 27.
Nf3 Ke7 28. e4 dxe4 29. exf6+ gxf6 30. Bxe4 f5 31. Bd3 Kf6 32. Ne1 e5 33. Nc2
Bd6 34. f3 b5 35. Ne3 Be6 36. Bc2 Bc5 37. b4 Bd4 38. Nd1 Kg5 39. g3 Bb6 40. Nf2
Bc4+ 41. Ke1 Bd4 42. Nd3 e4 43. fxe4 fxe4 44. Nc5 e3 45. Ne4+ Kg4 46. Bd1+ Kh3
47. b3 Bd3 48. Bf3 Be5 49. g4 Bg3+ 50. Nxg3 Kxg3 51. Bb7 Kxg4 52. Bxa6 Kf4 53.
Kd1 Ke4 54. Bc8 Kd4 55. Be6 Kc3 56. Ke1 Kxb4 57. Bf7 Kc3 0-1

[Event "38 Open Vila de Sitges 2012"]
[Site "Sitges ESP"]
[Date "2012.07.25"]
[Round "6.2"]
[White "Mirzoev, Azer"]
[Black "Kiewra, Keaton F"]
[Result "1/2-1/2"]
[WhiteElo "2545"]
[BlackElo "2361"]
[PlyCount "77"]
[EventDate "2012.07.20"]
[EventType "swiss"]
[EventRounds "9"]
[EventCountry "ESP"]
[SourceTitle "Ajedrez en Madrid"]
[Source "lmi"]
[SourceDate "2012.07.20"]

1. d4 Nf6 2. Nf3 g6 3. c4 Bg7 4. g3 O-O 5. Bg2 d5 6. cxd5 Nxd5 7. O-O Nb6 8.
Nc3 Nc6 9. d5 Na5 10. Qc2 c6 11. dxc6 Nxc6 12. Rd1 Bf5 13. e4 Bd7 14. Bf4 e5
15. Bg5 Qc8 16. Nd5 Nxd5 17. exd5 Nd4 18. Nxd4 exd4 19. Qb3 Bg4 20. Re1 Re8 21.
d6 Qd7 22. Be7 Be6 23. Qxb7 Rab8 24. Qxd7 Bxd7 25. Rac1 Rb6 26. h4 Bf8 27. Bd5
d3 28. Rcd1 Bf5 29. b3 Bg7 30. Re3 Bf8 31. g4 Bxg4 32. Rdxd3 Kg7 33. Rc3 Bxe7
34. Rxe7 Rxd6 35. Rxf7+ Kh6 36. Rcc7 Rh8 37. Bc4 a6 38. Rfe7 Bf5 39. a4 1/2-1/2

[Event "38 Open Vila de Sitges 2012"]
[Site "Sitges ESP"]
[Date "2012.07.25"]
[Round "6.3"]
[White "Movsziszian, Karen"]
[Black "Rodriguez Garcia, Victor"]
[Result "0-1"]
[WhiteElo "2469"]
[BlackElo "2383"]
[PlyCount "86"]
[EventDate "2012.07.20"]
[EventType "swiss"]
[EventRounds "9"]
[EventCountry "ESP"]
[SourceTitle "Ajedrez en Madrid"]
[Source "lmi"]
[SourceDate "2012.07.20"]

1. g3 e5 2. c4 Nf6 3. Bg2 g6 4. Nc3 Bg7 5. e3 O-O 6. Nge2 d6 7. Rb1 a5 8. O-O
Nc6 9. a3 Be6 10. Nd5 Qd7 11. Nec3 Bh3 12. Nxf6+ Bxf6 13. Bxh3 Qxh3 14. b4 axb4
15. axb4 Bg7 16. b5 Nd8 17. Bb2 Ne6 18. Qf3 Nc5 19. Nd5 Qd7 20. d4 Na4 21. Ba1
f5 22. dxe5 dxe5 23. Rfd1 Qf7 24. Qe2 Nc5 25. Bc3 Rfd8 26. Bb4 Ne6 27. Rd2 e4
28. Rbd1 Be5 29. h4 Kg7 30. Nf4 Nxf4 31. exf4 Bf6 32. Bc3 Rxd2 33. Qxd2 Re8 34.
c5 Re7 35. c6 bxc6 36. bxc6 Re6 37. Qd8 Rxc6 38. Bxf6+ Qxf6 39. Rd7+ Kh6 40.
Qg8 Kh5 41. Rxh7+ Kg4 42. Qd5 Rc1+ 43. Kg2 Qc3 0-1

[Event "38 Open Vila de Sitges 2012"]
[Site "Sitges ESP"]
[Date "2012.07.25"]
[Round "6.4"]
[White "Arenas, David"]
[Black "Vidarte Morales, Arturo"]
[Result "1-0"]
[WhiteElo "2406"]
[BlackElo "2353"]
[PlyCount "138"]
[EventDate "2012.07.20"]
[EventType "swiss"]
[EventRounds "9"]
[EventCountry "ESP"]
[SourceTitle "Ajedrez en Madrid"]
[Source "lmi"]
[SourceDate "2012.07.20"]

1. e4 e5 2. Nf3 Nc6 3. Bb5 a6 4. Ba4 Nf6 5. O-O b5 6. Bb3 Bc5 7. c3 d6 8. a4
Rb8 9. d4 Bb6 10. a5 Ba7 11. h3 O-O 12. Re1 h6 13. Be3 Ra8 14. Nbd2 Bb7 15. Qc2
Re8 16. dxe5 Nxe5 17. Nxe5 dxe5 18. Bxa7 Rxa7 19. c4 c5 20. cxb5 axb5 21. Qxc5
Rxa5 22. Rad1 Qe7 23. Rc1 Raa8 24. Qxb5 Rab8 25. Qa5 Qd8 26. Qc3 Qe7 27. Qc7
Ba8 28. Rc2 Kf8 29. Qxe7+ Rxe7 30. Bc4 Rd7 31. f3 Rbd8 32. Nf1 g6 33. Ra1 Rc7
34. b3 Rb8 35. Ra5 Nd7 36. Ne3 h5 37. h4 Rbc8 38. Rca2 Bb7 39. Ra7 Nb6 40. R2a5
Nd7 41. Kf2 Kg7 42. Ke1 f6 43. Kd2 Nb6 44. Rb5 Nxc4+ 45. Nxc4 Bc6 46. Rxc7+
Rxc7 47. Rc5 Rd7+ 48. Kc2 Bb7 49. b4 Kh6 50. b5 g5 51. b6 Rd4 52. hxg5+ Kxg5
53. Kc3 Rd1 54. Rc7 Ba6 55. b7 Rb1 56. Nb2 Bxb7 57. Rxb7 Kg6 58. Rd7 Rc1+ 59.
Kb3 h4 60. Nc4 Rf1 61. Kc3 h3 62. gxh3 Rxf3+ 63. Rd3 Rf4 64. Nd6 f5 65. exf5+
Kf6 66. Rg3 e4 67. Kd4 e3+ 68. Kd5 e2 69. Rg6+ Ke7 1-0

[Event "38 Open Vila de Sitges 2012"]
[Site "Sitges ESP"]
[Date "2012.07.25"]
[Round "6.5"]
[White "Palit, Somak"]
[Black "Munoz Pantoja, Miguel"]
[Result "1-0"]
[WhiteElo "2393"]
[BlackElo "2496"]
[PlyCount "61"]
[EventDate "2012.07.20"]
[EventType "swiss"]
[EventRounds "9"]
[EventCountry "ESP"]
[SourceTitle "Ajedrez en Madrid"]
[Source "lmi"]
[SourceDate "2012.07.20"]

1. e4 c5 2. Nf3 Nc6 3. Bb5 g6 4. Bxc6 dxc6 5. d3 Bg7 6. h3 Nf6 7. Nc3 Nd7 8.
Be3 e5 9. Qd2 h6 10. a3 f5 11. exf5 gxf5 12. Qe2 O-O 13. g4 Qb6 14. O-O-O e4
15. dxe4 fxg4 16. hxg4 Qa6 17. Qxa6 bxa6 18. Nd2 Ne5 19. Bxh6 Rf7 20. Bxg7 Kxg7
21. Rh5 Kf6 22. Rh8 Ng6 23. Rd8 Ke7 24. Nc4 Rf8 25. Rxf8 Nxf8 26. Ne5 Bd7 27.
Na4 Be8 28. Nxc5 Nh7 29. Nxa6 Rc8 30. Nc5 Ng5 31. b4 1-0

[Event "38 Open Vila de Sitges 2012"]
[Site "Sitges ESP"]
[Date "2012.07.25"]
[Round "6.6"]
[White "Saptarshi, Roy"]
[Black "Czakon, Jakub"]
[Result "0-1"]
[WhiteElo "2389"]
[BlackElo "2481"]
[PlyCount "96"]
[EventDate "2012.07.20"]
[EventType "swiss"]
[EventRounds "9"]
[EventCountry "ESP"]
[SourceTitle "Ajedrez en Madrid"]
[Source "lmi"]
[SourceDate "2012.07.20"]

1. e4 c6 2. d4 d5 3. Nc3 dxe4 4. Nxe4 Nd7 5. Nf3 Ngf6 6. Ng3 e6 7. Bd3 b6 8.
O-O Be7 9. Qe2 O-O 10. c4 Bb7 11. Rd1 Re8 12. b3 Qc7 13. Bb2 Rad8 14. Rac1 c5
15. Bb1 Qf4 16. Ne1 cxd4 17. Rxd4 Qc7 18. Nh5 e5 19. Rh4 g6 20. Ng3 e4 21. Qe3
Bc5 22. Qg5 e3 23. f4 e2+ 24. Kh1 Qc6 25. Nf5 Bf2 26. Rh3 Nc5 27. Nh6+ Kf8 28.
Nf5 Ne6 29. Ba3+ Bc5 30. Bxc5+ bxc5 31. Qh6+ Kg8 32. Bd3 Rxd3 33. Rxd3 Ng4 34.
Ne7+ Rxe7 35. Qh4 Nxf4 36. Rf3 Qd6 37. Qxg4 Bxf3 38. Qxf3 Qd2 39. Qc3 Rd7 40.
Kg1 Qd1 41. Kf2 Nd3+ 42. Nxd3 Rxd3 43. Qe1 Rd6 44. Rc3 Rf6+ 45. Rf3 Qd4+ 46.
Kg3 Re6 47. h3 f5 48. Rf2 Qd6+ 0-1

[Event "38 Open Vila de Sitges 2012"]
[Site "Sitges ESP"]
[Date "2012.07.25"]
[Round "6.7"]
[White "Alarcon Casellas, Rolando"]
[Black "Gallego Alcaraz, Andres Felipe"]
[Result "1-0"]
[WhiteElo "2436"]
[BlackElo "2377"]
[PlyCount "55"]
[EventDate "2012.07.20"]
[EventType "swiss"]
[EventRounds "9"]
[EventCountry "ESP"]
[SourceTitle "Ajedrez en Madrid"]
[Source "lmi"]
[SourceDate "2012.07.20"]

1. d4 Nf6 2. Bg5 e6 3. e4 h6 4. Bxf6 Qxf6 5. c3 d6 6. Bd3 e5 7. Ne2 g6 8. O-O
Bg7 9. f4 Qe7 10. Nd2 O-O 11. f5 exd4 12. Nxd4 c5 13. Nc2 Nd7 14. Ne3 Nf6 15.
Qf3 Bd7 16. Rae1 Bc6 17. Nd5 Qd8 18. fxg6 fxg6 19. Qg3 g5 20. Nxf6+ Rxf6 21.
Nc4 Rxf1+ 22. Bxf1 d5 23. exd5 Qxd5 24. Nd6 Qd2 25. Nf5 Qf4 26. Ne7+ Kf7 27.
Qxf4+ gxf4 28. Bc4+ 1-0

[Event "38 Open Vila de Sitges 2012"]
[Site "Sitges ESP"]
[Date "2012.07.25"]
[Round "6.8"]
[White "Debray, Christopher"]
[Black "Laxman, R R."]
[Result "0-1"]
[WhiteElo "2380"]
[BlackElo "2422"]
[PlyCount "172"]
[EventDate "2012.07.20"]
[EventType "swiss"]
[EventRounds "9"]
[EventCountry "ESP"]
[SourceTitle "Ajedrez en Madrid"]
[Source "lmi"]
[SourceDate "2012.07.20"]

1. d4 d5 2. c4 e6 3. Nf3 Nf6 4. e3 c5 5. Nc3 Nc6 6. a3 a6 7. dxc5 Bxc5 8. b4
Bd6 9. Bb2 O-O 10. cxd5 exd5 11. Be2 Be6 12. O-O Rc8 13. Rc1 Re8 14. Qd3 Ng4
15. Rfd1 d4 16. exd4 Bf4 17. Ra1 Qf6 18. h3 b5 19. hxg4 Bc4 20. Qf5 Qxf5 21.
gxf5 Bxe2 22. Nxe2 Rxe2 23. Bc1 Bd6 24. Be3 Ne7 25. Kf1 Rec2 26. g4 h5 27. gxh5
Nxf5 28. Bd2 f6 29. Be1 Kf7 30. a4 Rh8 31. axb5 axb5 32. Ra7+ Ne7 33. Nd2 Rc7
34. Ra5 Rxh5 35. Ne4 Rd7 36. Rc1 Bxb4 37. Bxb4 Rh1+ 38. Kg2 Rxc1 39. Nd6+ Kg6
40. Bc5 Nc6 41. Rxb5 Nxd4 42. Bxd4 Rxd6 43. Be3 Rcd1 44. Rb7 Rd7 45. Rb5 R1d5
46. Rb6 Kf5 47. Kg3 g5 48. Ra6 R7d6 49. Ra8 Re6 50. Ra3 Kg6 51. f4 Kh5 52. fxg5
fxg5 53. Bf2 Rf6 54. Be3 Rdf5 55. Bd4 Rd6 56. Be3 Re6 57. Bf2 Re4 58. Bb6 Rg4+
59. Kh2 Rb5 60. Bc7 Rb2+ 61. Kh3 Rh4+ 62. Kg3 Rbh2 63. Kf3 g4+ 64. Kf4 Rf2+ 65.
Ke5 Rh3 66. Ra8 Re3+ 67. Kd4 Re7 68. Rh8+ Kg6 69. Be5 Rd2+ 70. Kc3 Rd5 71. Bb8
Red7 72. Rg8+ Rg7 73. Rh8 Kf5 74. Bg3 Ke4 75. Bb8 g3 76. Re8+ Kf3 77. Rf8+ Kg2
78. Kc4 Rd2 79. Be5 Rg4+ 80. Kc3 Rf2 81. Ra8 Re4 82. Bc7 Rf3+ 83. Kd2 Rd4+ 84.
Ke2 Rc4 85. Bb6 Rb4 86. Bd4 Rxd4 0-1

[Event "38 Open Vila de Sitges 2012"]
[Site "Sitges ESP"]
[Date "2012.07.25"]
[Round "6.9"]
[White "Fernandez Aguado, Enrique"]
[Black "Sequera Paolini, Jose"]
[Result "0-1"]
[WhiteElo "2357"]
[BlackElo "2407"]
[PlyCount "90"]
[EventDate "2012.07.20"]
[EventType "swiss"]
[EventRounds "9"]
[EventCountry "ESP"]
[SourceTitle "Ajedrez en Madrid"]
[Source "lmi"]
[SourceDate "2012.07.20"]

1. Nf3 f5 2. g3 Nf6 3. Bg2 e6 4. c4 Be7 5. O-O O-O 6. b3 Qe8 7. Bb2 d6 8. d4
Ne4 9. Nfd2 d5 10. Nxe4 dxe4 11. Nc3 Nd7 12. f3 exf3 13. exf3 f4 14. Qd3 Qh5
15. Rae1 Rf6 16. g4 Qh4 17. h3 Nf8 18. Ne4 Rf7 19. Bc3 Bd7 20. Re2 Rd8 21. b4
a6 22. Ra1 b5 23. a4 bxa4 24. b5 axb5 25. cxb5 Rb8 26. Rb2 a3 27. Rbb1 Ng6 28.
Qc4 Bf8 29. Ba5 Rc8 30. Nc5 Qd8 31. Rxa3 Ne7 32. Nxe6 Bxe6 33. Qxe6 Qxd4+ 34.
Kh2 Qd5 35. Qe2 Ng6 36. Rd3 Qc4 37. Bf1 Ra8 38. Qd2 Ne5 39. Rc3 Qa4 40. Re1
Qxa5 41. Rxe5 Bb4 42. Bc4 Bxc3 43. Bxf7+ Kf8 44. Qc2 Bxe5 45. Bd5 Rd8 0-1

[Event "38 Open Vila de Sitges 2012"]
[Site "Sitges ESP"]
[Date "2012.07.26"]
[Round "7.1"]
[White "Vorobiov, Evgeny E"]
[Black "Rodriguez Garcia, Victor"]
[Result "1-0"]
[WhiteElo "2586"]
[BlackElo "2383"]
[PlyCount "177"]
[EventDate "2012.07.20"]
[EventType "swiss"]
[EventRounds "9"]
[EventCountry "ESP"]
[SourceTitle "Ajedrez en Madrid"]
[Source "lmi"]
[SourceDate "2012.07.20"]

1. d4 d6 2. Nf3 Nf6 3. c4 g6 4. Nc3 Bg7 5. g3 O-O 6. Bg2 Nbd7 7. O-O e5 8. e4
exd4 9. Nxd4 Re8 10. h3 a6 11. Be3 Rb8 12. a4 Ne5 13. b3 c5 14. Nde2 Nc6 15.
Ra2 b6 16. Rd2 Bf8 17. f4 Bb7 18. Bf2 Qc7 19. g4 Na5 20. Qc2 Bc6 21. Rfd1 Nb7
22. Ng3 Bg7 23. g5 Nd7 24. e5 Bxg2 25. Kxg2 Re6 26. Nge4 Qc6 27. Kh2 Bf8 28.
Nf6+ Kh8 29. Bg3 Nxf6 30. exf6 Rbe8 31. Nd5 Na5 32. Qd3 Qb7 33. Bf2 Nc6 34. Rb1
a5 35. Qf3 Nb4 36. Kg2 Nxd5 37. Rxd5 Re4 38. Rdd1 Qc8 39. Re1 d5 40. Rxe4 dxe4
41. Qg4 Qc6 42. Be3 Rd8 43. Rd1 Rd6 44. Rxd6 Qxd6 45. Qe2 Kg8 46. Qd2 Qe6 47.
Qd5 Qe8 48. Kg3 Kh8 49. Qb7 Qe6 50. Qd5 Qe8 51. Qe5 Qa8 52. Bd2 Kg8 53. Bc3 Qd8
54. Qd5 Qe8 55. Be5 e3 56. Qd3 Qc8 57. Qxe3 Qd7 58. Kf2 Qd8 59. Ke2 Qd7 60. Qf3
Qc8 61. Kd2 Qd7+ 62. Kc3 Qc8 63. h4 Qd7 64. h5 gxh5 65. Qxh5 Qf5 66. Qh1 Qg4
67. Qc6 Qd1 68. Qe4 Qc1+ 69. Qc2 Qa1+ 70. Kd2 Qf1 71. Qd3 Qg2+ 72. Qe2 Qh1 73.
Kc2 Qc6 74. Kb2 Qd7 75. Ka2 Qc6 76. Qg4 Qb7 77. Qd1 Qg2+ 78. Ka3 Qb7 79. Qd5
Qc8 80. Bd6 Qd8 81. Bxf8 Qxf8 82. f5 Kh8 83. Qb7 h6 84. Qe7 Kg8 85. g6 h5 86.
g7 Qb8 87. Qe3 b5 88. axb5 a4 89. Qh6 1-0

[Event "38 Open Vila de Sitges 2012"]
[Site "Sitges ESP"]
[Date "2012.07.26"]
[Round "7.2"]
[White "Laxman, R R."]
[Black "Mirzoev, Azer"]
[Result "1-0"]
[WhiteElo "2422"]
[BlackElo "2545"]
[PlyCount "109"]
[EventDate "2012.07.20"]
[EventType "swiss"]
[EventRounds "9"]
[EventCountry "ESP"]
[SourceTitle "Ajedrez en Madrid"]
[Source "lmi"]
[SourceDate "2012.07.20"]

1. Nf3 d5 2. d4 Nf6 3. c4 dxc4 4. e3 Bg4 5. Bxc4 e6 6. Nbd2 Nbd7 7. h3 Bh5 8.
O-O c5 9. Be2 Be7 10. dxc5 Bxc5 11. a3 O-O 12. b4 Be7 13. Bb2 Rc8 14. Nb3 Bg6
15. Rc1 Rxc1 16. Qxc1 Qb8 17. Qa1 Bc2 18. Nbd4 Be4 19. Nd2 Bd5 20. Bd3 b6 21.
Rc1 Rc8 22. Ba6 Rxc1+ 23. Qxc1 Bd6 24. Nb5 Bh2+ 25. Kh1 h5 26. Nxa7 Bg3 27.
fxg3 Qxg3 28. e4 Nxe4 29. Nxe4 Bxe4 30. Bf1 Qxh3+ 31. Kg1 Qg3 32. Qc3 Qg4 33.
Nb5 Nf8 34. Qd4 Qg6 35. Nc3 Ba8 36. Qxb6 h4 37. Qd8 Bxg2 38. Bxg2 h3 39. Qd2
hxg2 40. Qxg2 Qh6 41. Nd1 Ng6 42. b5 Qh5 43. Nc3 Nh4 44. Qe2 Qf5 45. Ne4 Qf4
46. b6 Nf3+ 47. Kg2 Nh4+ 48. Kh3 Nf3 49. Kg2 Nh4+ 50. Kh1 Nf3 51. b7 f5 52. Be5
Qh4+ 53. Bh2 fxe4 54. b8=Q+ Kh7 55. Qf4 1-0

[Event "38 Open Vila de Sitges 2012"]
[Site "Sitges ESP"]
[Date "2012.07.26"]
[Round "7.3"]
[White "Czakon, Jakub"]
[Black "Palit, Somak"]
[Result "1-0"]
[WhiteElo "2481"]
[BlackElo "2393"]
[PlyCount "81"]
[EventDate "2012.07.20"]
[EventType "swiss"]
[EventRounds "9"]
[EventCountry "ESP"]
[SourceTitle "Ajedrez en Madrid"]
[Source "lmi"]
[SourceDate "2012.07.20"]

1. e4 d5 2. exd5 Qxd5 3. Nc3 Qa5 4. g3 Nf6 5. Bg2 c6 6. Nge2 Bf5 7. b4 Qc7 8.
Rb1 e6 9. b5 c5 10. O-O Nbd7 11. d3 Be7 12. h3 h6 13. g4 Bh7 14. Ng3 Nb6 15.
Qf3 Rb8 16. Re1 Qd8 17. h4 Bg6 18. h5 Bh7 19. g5 hxg5 20. Bxg5 Nfd5 21. Bxe7
Nxe7 22. Nce4 Bxe4 23. dxe4 Qd2 24. Rbd1 Qg5 25. e5 Ned5 26. Re4 c4 27. Bf1 Rc8
28. Rde1 Kf8 29. Rg4 Qe7 30. Qg2 f5 31. exf6 Nxf6 32. Nf5 Qc5 33. Nxg7 Re8 34.
Rxe6 Kf7 35. Rxf6+ Kxf6 36. Rf4+ Ke7 37. Re4+ Kd8 38. Rxe8+ Rxe8 39. Nxe8 Kxe8
40. h6 Qf5 41. Qg8+ 1-0

[Event "38 Open Vila de Sitges 2012"]
[Site "Sitges ESP"]
[Date "2012.07.26"]
[Round "7.4"]
[White "Sequera Paolini, Jose"]
[Black "Pakleza, Zbigniew"]
[Result "1/2-1/2"]
[WhiteElo "2407"]
[BlackElo "2468"]
[PlyCount "104"]
[EventDate "2012.07.20"]
[EventType "swiss"]
[EventRounds "9"]
[EventCountry "ESP"]
[SourceTitle "Ajedrez en Madrid"]
[Source "lmi"]
[SourceDate "2012.07.20"]

1. f4 d5 2. Nf3 Nf6 3. e3 c5 4. d4 Nc6 5. c3 g6 6. Bd3 Bf5 7. Bxf5 gxf5 8. O-O
e6 9. Nbd2 cxd4 10. exd4 Qc7 11. Ne5 O-O-O 12. a4 Kb8 13. Ndf3 Bd6 14. a5 a6
15. Qa4 Ne4 16. Be3 f6 17. Nd3 Na7 18. Rfc1 Rc8 19. Nd2 Rhg8 20. Rc2 Rg4 21.
Nxe4 fxe4 22. Nc5 Bxc5 23. dxc5 Ka8 24. Rd1 Nc6 25. b4 Ne7 26. b5 Nf5 27. Bd4
e5 28. fxe5 fxe5 29. b6 Qg7 30. Bxe5 Qxe5 31. Qd7 Rxc5 32. Rf2 Qxc3 33. Rxf5
Rg8 34. Rfxd5 Rcc8 35. Qf7 Qe3+ 36. Kh1 Rh8 37. Rd7 Qe2 38. Qd5 Rb8 39. h3 e3
40. Qd3 Qxd3 41. R7xd3 Rhe8 42. Re1 Re5 43. Ra3 e2 44. Kg1 Rf8 45. Rf3 Rxf3 46.
gxf3 Kb8 47. Kf2 Rxa5 48. Rxe2 Kc8 49. Rc2+ Kb8 50. Rd2 Kc8 51. Rc2+ Kb8 52.
Rd2 Kc8 1/2-1/2

[Event "38 Open Vila de Sitges 2012"]
[Site "Sitges ESP"]
[Date "2012.07.26"]
[Round "7.5"]
[White "Kiewra, Keaton F"]
[Black "Alarcon Casellas, Rolando"]
[Result "0-1"]
[WhiteElo "2361"]
[BlackElo "2436"]
[PlyCount "120"]
[EventDate "2012.07.20"]
[EventType "swiss"]
[EventRounds "9"]
[EventCountry "ESP"]
[SourceTitle "Ajedrez en Madrid"]
[Source "lmi"]
[SourceDate "2012.07.20"]

1. e4 e6 2. d4 d5 3. Nd2 Nf6 4. e5 Nfd7 5. c3 c5 6. Bd3 Nc6 7. Ne2 Rb8 8. O-O
b5 9. f4 Qb6 10. Nf3 g6 11. g4 c4 12. Bc2 Be7 13. Kg2 h5 14. h3 Bb7 15. Ng5
hxg4 16. hxg4 Bxg5 17. fxg5 Ncxe5 18. Bf4 Rc8 19. Rh1 Ke7 20. a4 Rxh1 21. Qxh1
bxa4 22. Qb1 Nd3 23. Bxd3 cxd3 24. Qxd3 Ba6 25. Qd2 Bxe2 26. Qxe2 Rc4 27. Kg3
Qb3 28. Kh4 Rc6 29. Qf2 Rc8 30. Rf1 Rh8+ 31. Kg3 a3 32. Be5 Rh7 33. Bf6+ Ke8
34. bxa3 Qxc3+ 35. Qf3 Nxf6 36. gxf6 Qxd4 37. Qb3 Qe5+ 38. Rf4 g5 39. Qb5+ Kd8
40. Qa5+ Qc7 41. Qxc7+ Kxc7 42. Ra4 Kb6 43. Rb4+ Kc6 44. Ra4 Rh6 45. Rxa7 Rxf6
46. a4 Rf1 47. a5 Ra1 48. a6 Kd6 49. Rxf7 Rxa6 50. Rg7 Ra3+ 51. Kf2 Ke5 52.
Rxg5+ Kf4 53. Rg8 Ra2+ 54. Kf1 Kf3 55. Ke1 e5 56. g5 d4 57. g6 Ke3 58. Kf1 Rf2+
59. Kg1 Rf6 60. Kh2 e4 0-1

[Event "38 Open Vila de Sitges 2012"]
[Site "Sitges ESP"]
[Date "2012.07.26"]
[Round "7.6"]
[White "Barrientos, Sergio E"]
[Black "Arenas, David"]
[Result "0-1"]
[WhiteElo "2500"]
[BlackElo "2406"]
[PlyCount "72"]
[EventDate "2012.07.20"]
[EventType "swiss"]
[EventRounds "9"]
[EventCountry "ESP"]
[SourceTitle "Ajedrez en Madrid"]
[Source "lmi"]
[SourceDate "2012.07.20"]

1. e4 c5 2. Nf3 d6 3. d4 cxd4 4. Nxd4 Nf6 5. Nc3 g6 6. Be3 Bg7 7. f3 a6 8. Qd2
Nbd7 9. g4 b5 10. O-O-O Bb7 11. Bd3 Rc8 12. Kb1 Nb6 13. h4 h5 14. e5 Nfd5 15.
Nxd5 Bxd5 16. e6 fxe6 17. Bxg6+ Kd7 18. Rhe1 Nc4 19. Qc1 hxg4 20. f4 Rxh4 21.
f5 Qg8 22. Bg5 Rh3 23. fxe6+ Kc7 24. b3 Bxd4 25. Rxd4 Qxg6 26. Rxd5 Nb6 27. Rd4
Kb7 28. Bxe7 Qg7 29. Rf4 Rf3 30. Bxd6 Nd5 31. Be5 Qh6 32. Qd1 Qxe6 33. Rxf3
gxf3 34. Qxf3 Qc6 35. Qf5 Ka8 36. Kb2 Re8 0-1

[Event "38 Open Vila de Sitges 2012"]
[Site "Sitges ESP"]
[Date "2012.07.26"]
[Round "7.7"]
[White "Movsziszian, Karen"]
[Black "Espinoza Palomino, Willyam"]
[Result "1/2-1/2"]
[WhiteElo "2469"]
[BlackElo "2296"]
[PlyCount "40"]
[EventDate "2012.07.20"]
[EventType "swiss"]
[EventRounds "9"]
[EventCountry "ESP"]
[SourceTitle "Ajedrez en Madrid"]
[Source "lmi"]
[SourceDate "2012.07.20"]

1. g3 e5 2. c4 Nf6 3. Bg2 d5 4. cxd5 Nxd5 5. Nc3 Nb6 6. Nf3 Nc6 7. O-O Be7 8.
a3 Be6 9. d3 O-O 10. b4 f6 11. Bb2 a5 12. b5 Nd4 13. Nd2 c6 14. bxc6 Nxc6 15.
Rc1 a4 16. Nce4 Ra5 17. Rb1 Ba2 18. Ra1 Be6 19. Rb1 Ba2 20. Ra1 Be6 1/2-1/2

[Event "38 Open Vila de Sitges 2012"]
[Site "Sitges ESP"]
[Date "2012.07.26"]
[Round "7.8"]
[White "Jimenez Fraga, Pedro Alejandro"]
[Black "Hernando Rodrigo, Julio A"]
[Result "1-0"]
[WhiteElo "2446"]
[BlackElo "2311"]
[PlyCount "129"]
[EventDate "2012.07.20"]
[EventType "swiss"]
[EventRounds "9"]
[EventCountry "ESP"]
[SourceTitle "Ajedrez en Madrid"]
[Source "lmi"]
[SourceDate "2012.07.20"]

1. e4 e6 2. d4 d5 3. Nd2 c5 4. Ngf3 Nc6 5. exd5 exd5 6. Bb5 Bd6 7. dxc5 Bxc5 8.
Nb3 Bd6 9. Bg5 Nge7 10. O-O O-O 11. Bh4 Qb6 12. Bd3 h6 13. Bg3 Bxg3 14. hxg3
Bg4 15. Re1 a5 16. a4 Nf5 17. Bxf5 Bxf5 18. Rc1 Be4 19. Nfd4 Rac8 20. Nb5 Rfd8
21. Qd2 Nb4 22. N3d4 Qg6 23. Na3 Qf6 24. Re3 Rd7 25. Rce1 Kh7 26. c3 Na6 27.
Nab5 Nc5 28. b3 Bg6 29. f3 Qg5 30. g4 Re8 31. R1e2 Rxe3 32. Qxe3 Bd3 33. Qxg5
hxg5 34. Re8 Bxb5 35. axb5 a4 36. bxa4 Nxa4 37. Rc8 Nb6 38. Rb8 Na4 39. Ne2 f6
40. Kf2 Rc7 41. Ke3 Nb6 42. Kd3 Kg6 43. Rd8 Rc5 44. Nd4 Na4 45. Rd7 Rxb5 46.
Nxb5 Nc5+ 47. Kd4 Nxd7 48. Nd6 Nb6 49. g3 Nc4 50. Nxb7 Kf7 51. Nc5 Nb6 52. Na6
Ke6 53. Nc7+ Kd6 54. Ne8+ Kc6 55. Nxg7 Nd7 56. Ne8 Ne5 57. Ke3 Nd7 58. f4 Kc5
59. Kd3 gxf4 60. gxf4 Nf8 61. Nxf6 Ne6 62. f5 Nf4+ 63. Ke3 Nh3 64. Nh7 Kd6 65.
g5 1-0

[Event "38 Open Vila de Sitges 2012"]
[Site "Sitges ESP"]
[Date "2012.07.26"]
[Round "7.9"]
[White "Vidarte Morales, Arturo"]
[Black "Hjelmaas, Lars"]
[Result "0-1"]
[WhiteElo "2353"]
[BlackElo "2273"]
[PlyCount "116"]
[EventDate "2012.07.20"]
[EventType "swiss"]
[EventRounds "9"]
[EventCountry "ESP"]
[SourceTitle "Ajedrez en Madrid"]
[Source "lmi"]
[SourceDate "2012.07.20"]

1. d4 e6 2. c4 b6 3. Nc3 Bb7 4. a3 f5 5. Nf3 Nf6 6. g3 Ne4 7. Bd2 a5 8. Bg2 g6
9. O-O Bg7 10. Rc1 O-O 11. Qc2 Nxd2 12. Qxd2 Qe7 13. Rfe1 Na6 14. Nh4 Bxg2 15.
Nxg2 Rae8 16. e4 fxe4 17. Nxe4 Kh8 18. f4 c5 19. dxc5 Nxc5 20. Rcd1 d5 21. cxd5
exd5 22. Nc3 Ne4 23. Qxd5 Nxc3 24. bxc3 Qxa3 25. Rxe8 Rxe8 26. Qd7 Qc5+ 27. Kh1
Rc8 28. Nh4 Bxc3 29. Rd6 Qc4 30. Kg2 Qe4+ 31. Kh3 Re8 32. Rxb6 Qe7 33. Qc6 Bb4
34. f5 g5 35. f6 Qe2 36. Qf3 h5 37. Qxe2 Rxe2 38. Nf5 Rf2 39. Ng7 g4+ 40. Kh4
Rxf6 41. Ne6 Rh6 42. Kg5 Bd2+ 43. Kf5 Bc3 44. Rb8+ Kh7 45. Rb7+ Kh8 46. Nf4 Ra6
47. Rc7 Bb2 48. Rc2 Bd4 49. Ne6 Be3 50. Rc3 Bd2 51. Rc8+ Kh7 52. Rc7+ Kg8 53.
Rg7+ Kh8 54. Re7 Bb4 55. Re8+ Kh7 56. Rb8 Bc3 57. Rb7+ Kg8 58. Rg7+ Bxg7 0-1

[Event "38 Open Vila de Sitges 2012"]
[Site "Sitges ESP"]
[Date "2012.07.26"]
[Round "7.10"]
[White "Fernandez Aguado, Enrique"]
[Black "Perez Mitjans, Orelvis"]
[Result "0-1"]
[WhiteElo "2357"]
[BlackElo "2504"]
[PlyCount "84"]
[EventDate "2012.07.20"]
[EventType "swiss"]
[EventRounds "9"]
[EventCountry "ESP"]
[SourceTitle "Ajedrez en Madrid"]
[Source "lmi"]
[SourceDate "2012.07.20"]

1. Nf3 Nf6 2. c4 g6 3. Nc3 c5 4. d4 cxd4 5. Nxd4 Bg7 6. e4 d6 7. Be2 O-O 8. O-O
Nc6 9. Nc2 Be6 10. Bg5 Qa5 11. Qd2 Rfc8 12. Rfd1 Nd7 13. Nd5 Qxd2 14. Rxd2 Kf8
15. Rb1 a5 16. a4 Nc5 17. f3 Nxa4 18. Na3 Bxd5 19. exd5 Nb4 20. Nb5 Nb6 21. b3
Na6 22. Bf1 h6 23. Bh4 a4 24. Re2 g5 25. Bf2 Nc5 26. b4 Ncd7 27. c5 Nxd5 28.
cxd6 e6 29. Ra2 Ne5 30. Na7 Rd8 31. Rc1 Nxb4 32. Rxa4 Nbd3 33. Rc7 Nxf2 34.
Kxf2 Rxd6 35. Rxb7 Bf6 36. Be2 Rd2 37. Ke3 Rc2 38. Rab4 Kg7 39. Nb5 Raa2 40.
Nd4 Ng4+ 41. fxg4 Bxd4+ 42. Rxd4 Rxe2+ 0-1

[Event "38 Open Vila de Sitges 2012"]
[Site "Sitges ESP"]
[Date "2012.07.27"]
[Round "8.2"]
[White "Arenas, David"]
[Black "Laxman, R R."]
[Result "1-0"]
[WhiteElo "2406"]
[BlackElo "2422"]
[PlyCount "49"]
[EventDate "2012.07.20"]
[EventType "swiss"]
[EventRounds "9"]
[EventCountry "ESP"]
[SourceTitle "Ajedrez en Madrid"]
[Source "lmi"]
[SourceDate "2012.07.20"]

1. e4 e5 2. Nf3 Nf6 3. Nxe5 d6 4. Nf3 Nxe4 5. Nc3 Nxc3 6. dxc3 Be7 7. Be3 Nd7
8. Qd2 O-O 9. O-O-O Nc5 10. Kb1 Re8 11. h4 Bg4 12. Be2 Bf6 13. Bxc5 dxc5 14.
Qf4 Qc8 15. Bc4 Bxf3 16. Qxf3 Re7 17. g4 c6 18. Rde1 Be5 19. a4 Qc7 20. g5 g6
21. h5 Rae8 22. hxg6 hxg6 23. Rh6 Kf8 24. Reh1 Qd6 25. Rh8+ 1-0